LEADER 01114nam a2200277 a 4500 001 000000135956 003 CaOOAMICUS 005 20131023135029.0 008 131023s1981 it u000 u ita r 040 $aPUL$bita 041 1 $aita$heng 100 1 $aChesterton, G. K.$q(Gilbert Keith),$d1874-1936.$0(OLS)http://pul/name/3595 240 10$aManalive.$lItaliano.$0(OLS)http://pul/title/171892 245 13$aLe avventure di un uomo vivo /$cGilbert K. Chesterton ; traduzione e introduzione di Emilio Cecchi. 260 $aMilano :$bA. Mondadori,$c1981. 300 $a222 p. ;$c19 cm 490 1 $aOscar narrativa ;$v1443 700 1 $aCecchi, Emilio.$0(OLS)http://pul/name/87233 830 0$aOscar narrativa ;$v1443.$0(OLS)http://pul/title/23414 850 $aPUL 852 $aPUL$W1$xDP1 Fondo E. Rossi$y115$m2 B 17$j40823$qFondi$B156123$CPULBib$Z2$F156123 $82 941 1 $a1 961 $aSul dorso collocazione ms. di E. Rossi: II 19 996 $6245$aLe avventure di un uomo vivo$9(OLS)http://pul/title/171891 996 $6260$aMilano :$bA. Mondadori$9(OLS)http://pul/publisher/48249 LEADER 01110nam a2200289 a 4500 001 000000147712 003 CaOOAMICUS 005 20151126133419.0 008 151126n fr u000 u fre r 032 $aLibriCat 040 $aPUL$bita 100 1 $aChaix-Ruy, Jules.$0(OLS)http://pul/name/94393 245 14$aLes dimensions de l'être et du temps /$cJ. Chaix-Ruy. 260 $aParis :$bVitte,$c[s.d.] 300 $a315 p. ;$c23 cm. 490 1 $aProblèmes et doctrines 504 $aBibliografia in nota. 650 4$aTempo (filosofia).$0(OLS)http://pul/subject/8504 650 4$aEssere (concetto).$0(OLS)http://pul/subject/9782 830 0$aProblèmes et doctrines.$0(OLS)http://pul/title/15676 850 $aPUL 852 $aPUL$W1$xDP1 Fondo Bordoni$y120$m2 A 86$j156027$qFondi$B171513$CPULBib$Z2$F171513 $HBor1232 $81 941 1 $a1 961 $aNota ms. di possesso: Marcello Bordoni 996 $6245$aLes dimensions de l'être et du temps$9(OLS)http://pul/title/186398 996 $6260$aParis :$bVitte$9(OLS)http://pul/publisher/58728